| 000 | 00747nam a22002297a 4500 | ||
|---|---|---|---|
| 999 |
_c6736 _d6736 |
||
| 003 | AR-CdUCM | ||
| 008 | 190319b ||||| |||| 00| 0 spa d | ||
| 040 |
_aMUNICIPALIDAD PROVINCIAL DEL CUSCO _cBIBLIOTECA MUNICIPAL DEL CUSCO |
||
| 082 |
_24ed. _a082 / _bC48 |
||
| 100 |
_aCervantes Saavedra, Miguel de _93055 |
||
| 245 | _aNovelas ejemplares / | ||
| 260 |
_aLima : _bUniverso, _c1980. |
||
| 300 |
_a216 páginas ; _c17 cm. |
||
| 440 |
_aColección autores clásicos _n : 25 _918968 |
||
| 500 | _aIntroducción y notas de Abelardo Oquendo. | ||
| 650 |
_aNovelas españolas _9584 |
||
| 650 |
_aSiglo de oro - España _918969 |
||
| 650 |
_aAutores españoles _911961 |
||
| 650 |
_aCervantes _910750 |
||
| 942 |
_2ddc _cLIBROS |
||
| 945 | _alccs | ||